Random Dutch words (hard) - Statistics

General Stats
  • This quiz has been taken 18 times
  • The average score is 13 of 30
Answer Stats
Hint Answer % Correct
peanut butter pindakaas
94%
gloves handschoenen
75%
zoo dierentuin
69%
liquorice drop
69%
bedroom slaapkamer
69%
colourful kleurrijk
63%
squirrel eekhoorn
56%
truck vrachtwagen
56%
amazing geweldig
50%
mother-in-law schoonmoeder
50%
yelling schreeuwen
50%
beautiful prachtig
44%
battlefield slagveld
44%
firetruck brandweerwagen
38%
life sentence levenslang
38%
thunderstorm onweer
38%
jeans spijkerbroek
38%
gums tandvlees
38%
nutrition voeding
38%
confirming bevestigen
31%
canned ingeblikt
31%
powerful machtig
31%
cream slagroom
31%
gap year tussenjaar
31%
rearview mirror achteruitkijkspiegel
25%
needed benodigd
19%
collectively gemeenschappelijk
19%
exposition tentoonstelling
19%
truant spijbelaar
13%
embrace omhelzing
0%
No matching quizzes found
Score Distribution
Percent of People with Each Score
Percentile by Number Answered
Your Score History
You have not taken this quiz